Zoznam devízových periodík objednaných na rok 1987

Guardado en:
Detalles Bibliográficos
Formato: Libro
Lenguaje:eslovaco
Publicado: Bratislava Ústredná ekonomická knižnica SSR pri VŠE 1987
Etiquetas: Agregar Etiqueta
Sin Etiquetas, Sea el primero en etiquetar este registro!

MARC

LEADER 00000nam a2200000 4500
001 c037151
005 20240729124536.4
041 0 |a slo 
044 |a SK 
245 1 0 |a Zoznam devízových periodík objednaných na rok 1987  |c zostavila: Leokádia Modrovská 
264 1 |a Bratislava  |b Ústredná ekonomická knižnica SSR pri VŠE  |c 1987 
300 |a 14 s.